INCOME TAX ACT 1961 (Record no. 5730)

MARC details
000 -LEADER
fixed length control field 00368nam a22001577a 4500
005 - DATE AND TIME OF LATEST TRANSACTION
control field 20180904101558.0
008 - FIXED-LENGTH DATA ELEMENTS--GENERAL INFORMATION
fixed length control field 180904b xxu||||| |||| 00| 0 eng d
020 ## - INTERNATIONAL STANDARD BOOK NUMBER
ISBN 978-93-5071-186-6
041 ## - LANGUAGE CODE
Language code of text/sound track or separate title eng
100 ## - MAIN ENTRY--AUTHOR NAME
Personal name BHARGAVA, U.K.
245 ## - TITLE STATEMENT
Title INCOME TAX ACT 1961
250 ## - EDITION STATEMENT
Edition statement 57th Ed. / 2013
260 ## - PUBLICATION, DISTRIBUTION, ETC. (IMPRINT)
Place of publication DELHI
Name of publisher TAXMAN
300 ## - PHYSICAL DESCRIPTION
Number of Pages 2.69p,
942 ## - ADDED ENTRY ELEMENTS (KOHA)
Koha item type Books
Holdings
Lost status Damaged status Collection code Home library Current library Shelving location Date acquired Source of acquisition Cost, normal purchase price Accession Number Koha item type
    LAW JRU Library JRU Library SHELF-32-E 04/09/2018 DONATION 820.00 22401 Books